| 000 | 00616nam a2200181 a 4500 | ||
|---|---|---|---|
| 001 | 000033300 | ||
| 005 | 20250131205119.0 | ||
| 008 | 110712q1940 dr 000 0 spa d | ||
| 040 |
_aDO-SdBNP _bspa _cBNPHU |
||
| 082 |
_axxx _bU58c |
||
| 110 | 2 |
_aUniversidad de Santo Domingo _937767 |
|
| 245 | 1 | 0 | _aCalendario para el año académico 1940-1941. |
| 260 |
_aCiudad Trujillo, República Dominicana : _bImp. Montalvo, _c1940. |
||
| 300 |
_a10 p. ; _c24 cm. |
||
| 490 | 1 |
_aPublicaciones de la Universidad de Santo Domingo _v10 |
|
| 830 | 0 |
_aPublicaciones de la Universidad de Santo Domingo ; _n10 _958903 |
|
| 049 | _aBNPD | ||
| 999 |
_c32791 _d32791 |
||